| 000 | 00962nas a2200325 4500 | ||
|---|---|---|---|
| 001 | BR2012008712 | ||
| 003 | BR-BrBNA | ||
| 005 | 20231205121446.0 | ||
| 007 | ta | ||
| 008 | 230509b bl.|||p| |||| 00| 00por d | ||
| 040 |
_aBR-BrBNA _bpor _cBiblioteca Nacional de Agricultura |
||
| 041 | _a(Pt) | ||
| 072 | _aL70 | ||
| 100 | 1 | _aMeneses, A.M.C. | |
| 100 | 1 | _aCaramori, J.C.T. | |
| 100 | 1 | _aBrant, J.R.A.C. | |
| 100 | 1 | _aSouza, N.F. de | |
| 100 | 1 | _aMoraes, C.C.G. de | |
| 100 | 1 | _aTakahira, R.K. | |
| 100 | 1 | _aBarreti, P. | |
| 245 | 1 | _aDesenvolvimento de um modelo experimental de hemodiálise em cães | |
| 246 | 1 | _aDevelopment of a dog model of hemodialysis | |
| 650 | _aCÃO | ||
| 650 | _aRIM | ||
| 650 | _aTRATAMENTO | ||
| 650 | _aVETERINÁRIA | ||
| 773 | 0 |
_tPesquisa Veterinária Brasileira (Brazil) _xISSN 0100-736X _g(Oct 2010), v. 30(10) p. 861-867 _wBR2012008712 |
|
| 909 |
_a202311 _bLúcia _c55 _dLúcia Elande |
||
| 942 |
_2AGRIS _n0 _cANA |
||
| 999 |
_c223677 _d223677 |
||